Loading...
| History - Other History | 0 | 3 | 0 | 0 | 30 | 99 | 116.00 | 0 | 0 |
| Mythology | 0 | 3 | 0 | 0 | 30 | 41 | 90.00 | 1 | 2 |
| Science - Biology | 0 | 3 | 1 | 1 | 25 | 120 | 121.00 | 0 | 2 |
| Fine Arts - Other Fine Arts | 0 | 2 | 0 | 0 | 20 | 125 | 136.50 | 1 | 1 |
| Fine Arts - Painting & Sculpture | 0 | 2 | 0 | 0 | 20 | 59 | 98.00 | 1 | 1 |
| Religion | 0 | 2 | 0 | 1 | 20 | 99 | 115.00 | 0 | 1 |
| Science - Chemistry | 0 | 2 | 0 | 0 | 20 | 106 | 109.00 | 0 | 0 |
| History - World History | 0 | 1 | 0 | 0 | 10 | 74 | 74.00 | 0 | 1 |
| Philosophy | 0 | 1 | 0 | 0 | 10 | 22 | 22.00 | 1 | 1 |
| History - American History | 0 | 1 | 1 | 0 | 5 | 118 | 118.00 | 0 | 1 |
| Science - Other Science | 0 | 0 | 1 | 0 | -5 | 0.00 | 0 | 0 |